| 000 | 00404pab a2200157 454500 | ||
|---|---|---|---|
| 008 | 180718b2005 xxu||||| |||| 00| 0 eng d | ||
| 100 | _aRavi Kumar | ||
| 245 | _aEducation, state and class in India: towards a critical framework or praxis | ||
| 260 | _c2005 | ||
| 300 | _ap.19-26. | ||
| 362 | _a17 Sep | ||
| 650 | _aEducation - India | ||
| 650 | _aEducation | ||
| 773 | _aMainstream | ||
| 909 | _a66909 | ||
| 999 |
_c66909 _d66909 |
||